000 00610nam a2200205Ia 4500
008 131103s9999 xx 000 0 und d
020 _a81 7223 227 6
040 _aLoreto College
041 _aEnglish
082 _a582/BON
_bLCLIB/40538
100 _aBond, Ruskin
245 _aHimalayan leaf and flower
_ctext by Ruskin Bond
260 _aDelhi
_bHarper Colins
_c1996
300 _a57p.
_b ill. photos
_c 7 cm.
440 _aIndus nature India series
650 _aBio-geography
651 _aPlants noted for specific vegetative characteristics and flowers
850 _aLCLIB/582/BON
942 _cBK
999 _c2633
_d53112